Wszystkie nazwy pociągów PKP Intercity na stacji Zielona Góra Główna - Statystyki

Ogólne statystyki
  • Ten quiz został rozwiązany 87 razy
  • Średni wynik to 7 z 15
Statystyki odpowiedzi
kategoria nazwa % Poprawnych
IC Zielonogórzanin
77%
TLK Wyczółkowski
67%
IC Bachus
59%
IC Lubuszanin
54%
IC Stoczniowiec
53%
IC Wawel
51%
IC Matejko
49%
IC Chełmoński
44%
IC Hetman
44%
IC Mehoffer
44%
IC Swarożyc
44%
IC Ukiel
41%
TLK Wolin
40%
IC Dionizos
31%
IC Nightjet
29%
Nie znaleziono quizów pasujących do podanych kryteriów
Rozkład punktacji
Procent ludzi z każdym wynikiem
Percentyl według liczby udzielonych odpowiedzi
Twoja historia wyników
Nie rozwiązałeś tego quizu